Guía práctica y calendario para la huerta /

Guardado en:
Autor Principal: Tiscornia, Julio R
Formato: Libro
Publicado: Buenos Aires : Albatros, 1977
Edición:10a. ed.
Materias:
Etiquetas: Agregar Etiqueta
Sin Etiquetas, Sea el primero en etiquetar este registro!
LEADER 00556nam a22001935a 4500
001 CEM.cems016184
005 20100316170608.0
008 130507s1977##################000#0#####d
003 CEMS
082 0 4 |a 635 
100 1 |a Tiscornia, Julio R 
245 1 0 |a Guía práctica y calendario para la huerta /  |c Julio R Tiscornia, 
250 |a 10a. ed. 
260 |a Buenos Aires :  |b Albatros,  |c 1977 
300 |a 324 p. 
653 |a Agricultura 
653 |a Hortalizas-calendario 
653 |a Horticultura 
859 |a CEMS  |b BIB. CEMS - Agricultura  |h 635  |i T524a10  |p A7182.79  |t Ej.1